000 00414nam a2200181Ia 4500
001 11173
005 20260306161926.0
008 260306t1988||||xx |||||||||||||| ||spa||
041 _aESP
082 _a985.01
_bR84
100 _aRostworowski, María
_eAUT
245 0 _aLa mujer en la época prehispánica
260 _c1988
300 _a
_c
650 _aGEN
654 _aCHU
942 _cLIB
_dJUS
_fJUS
_2ddc
_n
999 _c11173
_d11173